| 000 | 00423cam a2200181u 4500 | ||
|---|---|---|---|
| 001 | 7768940 | ||
| 005 | 20180215041553.0 | ||
| 008 | 841018s1914 paua 000 0 eng | ||
| 010 | _a 14019741 | ||
| 040 |
_aDLC _cCarP _dDLC |
||
| 041 | _aeng | ||
| 080 | _a611 mor | ||
| 100 | 1 | _a6, | |
| 101 | _aANA | ||
| 245 | 0 | 0 | _aMorris's human antomy; |
| 906 |
_a0 _bcbc _cpremunv _du _encip _f19 _gy-gencatlg |
||
| 942 |
_2ddc _cBK |
||
| 999 |
_c42604 _d42604 |
||